000 00293cam a22001097a 4500
008 180718b1995 xxu||||| |||| 00| 0 eng d
100 _aSharan
245 _aIndira Gandhi: vyaktitv avam krititv (Hindi)
_cby Sharan
260 _aDelhi
_bAdhunik
_c1995
300 _a240p.
650 _aIndira Gandhi
999 _c405874
_d405874